000 00729nam a2200265Ia 4500
005 20260306164508.0
008 008 260114s9999 xx 000 0 eng d
020 _a9780190066734
037 _aEBOOK
040 _aCRL
040 _beng
040 _cCRL
041 _2eng
041 _aeng
084 _qCRL
100 _aThomas Y. Choi, Julie Juan Li, Dale S. Rogers, Tobias Schoenherr, Stephan M. Wagner
_91130888
245 4 _aThe Oxford Handbook Of Supply Chain Management
260 _bOxford University Press
260 _c2021
650 _aBusiness Economics & Finance
856 _uhttps://academic.oup.com/edited-volume/38568
942 _cEBOOK
999 _c1714284
_d1714284